[Rezension von: Lösel, Friedrich, 1945-, Aggression und Delinquenz unter Jugendlichen]

Saved in:  
Bibliographic Details
Main Author: Menzel, Birgit 1962- (Author)
Contributors: Lösel, Friedrich 1945- (Bibliographic antecedent) ; Bliesener, Thomas 1958- (Bibliographic antecedent)
Format: Print Review
Language:German
Published: 2004
In: Kriminologisches Journal
Year: 2004, Volume: 36, Issue: 3, Pages: 231-234
Online Access: Volltext (kostenfrei)
Volltext (kostenfrei)
Volltext (kostenfrei)
Rights Information:InC 1.0
Check availability: HBZ Gateway
Keywords:

MARC

LEADER 00000caa a2200000 c 4500
001 1941583407
003 DE-627
005 20260430151504.0
007 tu
008 251119s2004 xx ||||| o 00| ||ger c
035 |a (DE-627)1941583407 
035 |a (DE-599)KXP1941583407 
040 |a DE-627  |b ger  |c DE-627  |e rda 
041 |a ger 
084 |a 2,1  |2 ssgn 
100 1 |a Menzel, Birgit  |d 1962-  |e VerfasserIn  |0 (DE-588)120502232  |0 (DE-627)080715141  |0 (DE-576)292252617  |4 aut 
109 |a Menzel, Birgit 1962- 
245 1 0 |a [Rezension von: Lösel, Friedrich, 1945-, Aggression und Delinquenz unter Jugendlichen]  |c Birgit Menzel, Hamburg 
264 1 |c 2004 
336 |a Text  |b txt  |2 rdacontent 
337 |a ohne Hilfsmittel zu benutzen  |b n  |2 rdamedia 
338 |a Band  |b nc  |2 rdacarrier 
540 |q DE-2619  |a  Urheberrechtsschutz 1.0  |2 rs  |u http://rightsstatements.org/vocab/InC/1.0/ 
655 7 |a Rezension  |0 (DE-588)4049712-4  |0 (DE-627)106186019  |0 (DE-576)209083166  |2 gnd-content 
700 1 |a Lösel, Friedrich  |d 1945-  |e VerfasserIn des Bezugswerks  |0 (DE-588)12082759X  |0 (DE-627)080911617  |0 (DE-576)162022999  |4 ant 
700 1 |a Bliesener, Thomas  |d 1958-  |e VerfasserIn des Bezugswerks  |0 (DE-588)136096913  |0 (DE-627)574704809  |0 (DE-576)186130589  |4 ant 
773 0 8 |i Enthalten in  |t Kriminologisches Journal  |d Weinheim : Beltz Juventa, 1969  |g 36(2004), 3, Seite 231-234  |w (DE-627)130092207  |w (DE-600)500591-7  |w (DE-576)018208223  |x 0341-1966  |7 nnas 
773 1 8 |g volume:36  |g year:2004  |g number:3  |g pages:231-234 
776 1 |o 10.15496/publikation-119977 
787 0 8 |i Rezension von  |a Lösel, Friedrich, 1945 -   |t Aggression und Delinquenz unter Jugendlichen  |d Neuwied : Luchterhand, 2003  |h XII, 226 Seiten  |w (DE-627)365270954  |z 3472053682  |z 9783472053682 
856 4 1 |u http://hdl.handle.net/10900/178653  |x Resolving-System  |z kostenfrei  |3 Volltext  |7 0 
856 4 1 |u http://nbn-resolving.org/urn:nbn:de:bsz:21-dspace-1786539  |x Resolving-System  |z kostenfrei  |3 Volltext  |7 0 
856 4 1 |u https://doi.org/10.15496/publikation-119977  |x Resolving-System  |z kostenfrei  |3 Volltext  |7 0 
951 |a AR 
ELC |b 1 
LOK |0 000 xxxxxcx a22 zn 4500 
LOK |0 001 4808598884 
LOK |0 003 DE-627 
LOK |0 004 1941583407 
LOK |0 005 20251119110218 
LOK |0 008 251119||||||||||||||||ger||||||| 
LOK |0 040   |a DE-2619  |c DE-627  |d DE-2619 
LOK |0 092   |o n 
LOK |0 852   |a DE-2619 
LOK |0 852 1  |9 00 
LOK |0 939   |a 2025-11-19  |b l01 
OAS |a 1 
ORI |a WA-MARC-krimdoka001.raw